NLSUI OPAC header image

The tribunal system in India / (Record no. 10037)

MARC details
000 -LEADER
fixed length control field 01092nam a2200193Ia 4500
005 - DATE AND TIME OF LATEST TRANSACTION
control field 20260522111630.0
008 - FIXED-LENGTH DATA ELEMENTS--GENERAL INFORMATION
fixed length control field 160316s1996 xxu||||| |||| 00| 0 eng d
020 ## - INTERNATIONAL STANDARD BOOK NUMBER
International Standard Book Number 8171180809 (hbk.)
082 ## - DEWEY DECIMAL CLASSIFICATION NUMBER
Classification number 342.0664 SAT
100 ## - MAIN ENTRY--PERSONAL NAME
Personal name Sathe, S. P.
245 ## - TITLE STATEMENT
Title The tribunal system in India /
Statement of responsibility, etc. S. P. Sathe
260 ## - PUBLICATION, DISTRIBUTION, ETC.
Place of publication, distribution, etc. Bombay :
Name of publisher, distributor, etc. N M Tripathi,
Date of publication, distribution, etc. 1996.
300 ## - PHYSICAL DESCRIPTION
Extent xiv, 264 p. ;
Dimensions 23 cm.
365 ## - TRADE PRICE
Price amount 160/-
505 ## - Contents
Contents 1. The tribunal system-purpose of study;<br/>2. Single member tribunals with judicial chairperson;<br/>3. The family courts;<br/>4. Single member tribunals without judicial person commissioner of payments;<br/>5. Multi-member tribunals: survey of statutory provisions-I;<br/>6. Multi-member tribunals with judicial presidents-II;<br/>7. Administrative tribunals under article 323-a of the constitution;<br/>8. Grievance redressal system under the consumer protection act, 1986;<br/>9. Multi-member tribunals with non-judicial membership;<br/>10. Domestic tribunals;<br/>11. Arbitration;<br/>12. The tribunal system in India-analysis.<br/>
650 ## - SUBJECT ADDED ENTRY--TOPICAL TERM
Topical term or geographic name entry element Tribunal system
700 ## - ADDED ENTRY--PERSONAL NAME
Personal name
--
942 ## - ADDED ENTRY ELEMENTS (KOHA)
Source of classification or shelving scheme Dewey Decimal Classification
Koha item type BOOKs
Holdings
Withdrawn status Lost status Damaged status Not for loan Home library Current library Shelving location Date acquired Cost, normal purchase price Total Checkouts Full call number Barcode Date last seen Price effective from Koha item type Date last checked out
        NLS NLS   30/05/2017 160.00   342.0664 SAT-1 10318 30/05/2017 30/05/2017 BOOKs  
        NLS NLS   30/05/2017 160.00   342.0664 SAT-2 10319 14/06/2024 30/05/2017 BOOKs  
        NLS NLS   30/05/2017 160.00 2 342.0664 SAT-3 10320 22/12/2025 30/05/2017 BOOKs 01/12/2025